000 00544nam a2200157 a 4500
001 000031014
005 20200930062641.0
008 110610s1945 000 spa d
040 _aDO-SdBNP
_bspa
_cBNPHU
110 1 _aRepública Dominicana
_bProcuraduria de General de la República
_957516
240 1 0 _aLeyes, etc.
245 1 0 _aRecopilación de las leyes relacionadas con el servicio judicial.
260 _aCiudad Trujillo, República Dominicana :
_bEditora Luis Sánchez Andújar,
_c1945.
300 _a534 p. ;
_c24 cm.
049 _aBNPD
999 _c30506
_d30506